[Event "Angers op 9th"]
[Site "Angers"]
[Date "2014.05.11"]
[Round "5"]
[White "Gerfault, Pascal"]
[Black "Durand Le Ludec, Brendan Bubok"]
[Result "0-1"]
[WhiteElo "1701"]
[BlackElo "1952"]
[PlyCount "42"]
[EventDate "2014.05.09"]
[EventType "swiss"]
[EventRounds "6"]
[EventCountry "FRA"]
[SourceTitle "CBM 160 Extra"]
[Source "ChessBase"]
[SourceDate "2014.07.01"]
[SourceVersion "1"]
[SourceVersionDate "2014.07.01"]
[SourceQuality "1"]

1. e4 c5 2. Nf3 e6 3. d4 cxd4 4. Nxd4 a6 5. Be2 Qc7 6. 0-0 b5 7. Be3 Bb7 8. f3 Bd6 9. g3 Nf6 10. Bxb5 Bxg3 11. Qd2 Be5 12. Bd3 d5 13. Nc3 dxe4 14. fxe4 Ng4 15. Nf3 Nxe3 16. Qxe3 Bf4 17. Qf2 0-0 18. e5 Nd7 19. Bxh7+ Kxh7 20. Qh4+ Bh6 21. Ng5+ Kg8 0-1

[Event "FICGS class C 000188 email"]
[Site "FICGS email"]
[Date "2012.04.05"]
[Round "1"]
[White "Gerfault, Pascal"]
[Black "Krakovsky, Peter"]
[Result "0-1"]
[WhiteElo "1614"]
[BlackElo "1730"]
[PlyCount "34"]
[EventDate "2012.??.??"]
[EventType "tourn (corr)"]
[EventRounds "4"]
[SourceTitle "Corr 2022"]
[Source "ChessBase"]
[SourceDate "2021.10.24"]
[SourceVersion "1"]
[SourceVersionDate "2021.10.24"]
[SourceQuality "1"]

1. e4 e5 2. Nf3 Nc6 3. d4 exd4 4. Nxd4 Bc5 5. Be3 Qf6 6. c3 Nge7 7. Bc4 Ne5 8. Be2 Qg6 9. 0-0 d6 10. f3 0-0 11. Kh1 Bb6 12. Nd2 d5 13. exd5 Nxd5 14. Bg1 Nf4 15. Rf2 c5 16. Nc2 Rd8 17. Qe1 Qxc2 0-1

[Event "FICGS class D 000169 email"]
[Site "FICGS email"]
[Date "2011.05.06"]
[Round "1"]
[White "Gerfault, Pascal"]
[Black "Harris, Ross"]
[Result "1/2-1/2"]
[WhiteElo "1563"]
[BlackElo "1557"]
[PlyCount "57"]
[EventDate "2011.??.??"]
[EventType "tourn (corr)"]
[EventRounds "6"]
[SourceTitle "Corr 2013"]
[Source "ChessBase"]
[SourceDate "2012.11.12"]
[SourceVersion "1"]
[SourceVersionDate "2012.11.12"]
[SourceQuality "1"]

1. e4 c6 2. d4 d5 3. e5 Bf5 4. Nc3 Qb6 5. g4 Bd7 6. Na4 Qc7 7. Nc5 e6 8. Nxd7 Nxd7 9. f4 c5 10. c3 Ne7 11. Bd3 Nc6 12. Nf3 Qb6 13. Qb3 c4 14. Qxb6 axb6 15. Bc2 b5 16. f5 b4 17. fxe6 fxe6 18. a3 b3 19. Bd1 b5 20. Ng5 Nd8 21. Bd2 h6 22. Nf3 Nc6 23. Rb1 Be7 24. 0-0 Nb6 25. Be2 Na4 26. h3 Kd7 27. Kf2 Raf8 28. Ke1 Nd8 29. Rf2 1/2-1/2

[Event "FICGS class D 000169 email"]
[Site "FICGS email"]
[Date "2011.05.06"]
[Round "1"]
[White "Gerfault, Pascal"]
[Black "Learoyd, Ronald"]
[Result "1-0"]
[WhiteElo "1563"]
[BlackElo "1515"]
[PlyCount "57"]
[EventDate "2011.??.??"]
[EventType "tourn (corr)"]
[EventRounds "6"]
[SourceTitle "Corr 2013"]
[Source "ChessBase"]
[SourceDate "2012.11.12"]
[SourceVersion "1"]
[SourceVersionDate "2012.11.12"]
[SourceQuality "1"]

1. e4 e5 2. Nf3 Nc6 3. d4 d6 4. dxe5 dxe5 5. Qxd8+ Kxd8 6. Bc4 f6 7. 0-0 Bc5 8. Rd1+ Ke8 9. Nc3 Bg4 10. Nd5 Rc8 11. Be3 Bxe3 12. Nxe3 Nd4 13. Nxg4 Nxc2 14. Rac1 Nb4 15. a3 Nc6 16. Bb5 Nge7 17. Ne3 g6 18. Nd5 Kf8 19. Nxf6 Kf7 20. Nd7 Kg7 21. Ndxe5 Rhd8 22. Rxd8 Rxd8 23. Nxc6 Nxc6 24. Bxc6 bxc6 25. h3 Rd6 26. e5 Re6 27. Rc5 h6 28. Nd4 h5 29. Nxe6+ 1-0

[Event "FICGS W-ch st1 g03 email"]
[Site "FICGS email"]
[Date "2011.04.01"]
[Round "1"]
[White "Chobaut, Nicolas"]
[Black "Gerfault, Pascal"]
[Result "1-0"]
[WhiteElo "1704"]
[BlackElo "1545"]
[PlyCount "53"]
[EventDate "2011.??.??"]
[EventType "tourn (corr)"]
[EventRounds "8"]
[SourceTitle "Corr 2013"]
[Source "ChessBase"]
[SourceDate "2012.11.12"]
[SourceVersion "1"]
[SourceVersionDate "2012.11.12"]
[SourceQuality "1"]

1. c4 Nf6 2. Nc3 g6 3. g3 Bg7 4. Bg2 c6 5. d4 0-0 6. Nf3 d5 7. 0-0 e6 8. b3 Nbd7 9. Bb2 dxc4 10. bxc4 Nb6 11. Qb3 Nbd7 12. Rfd1 Re8 13. Ne5 Qb6 14. Qc2 Nxe5 15. dxe5 Ng4 16. Ne4 Nxe5 17. Rab1 Qc7 18. f4 Ng4 19. Bxg7 Kxg7 20. Qc3+ Kf8 21. h3 Nh6 22. Nf6 Rd8 23. Nxh7+ Kg8 24. Nf6+ Kf8 25. Ne4 Ng8 26. c5 Qe7 27. Nd6 1-0

[Event "FICGS W-ch st1 g03 email"]
[Site "FICGS email"]
[Date "2011.04.01"]
[Round "1"]
[White "Gerfault, Pascal"]
[Black "Sanchez, Carlos Alberto"]
[Result "0-1"]
[WhiteElo "1545"]
[BlackElo "2000"]
[PlyCount "62"]
[EventDate "2011.??.??"]
[EventType "tourn (corr)"]
[EventRounds "8"]
[SourceTitle "Corr 2013"]
[Source "ChessBase"]
[SourceDate "2012.11.12"]
[SourceVersion "1"]
[SourceVersionDate "2012.11.12"]
[SourceQuality "1"]

1. e4 c5 2. Nf3 Nf6 3. e5 Nd5 4. c4 Nc7 5. Nc3 Nc6 6. d4 cxd4 7. Nxd4 Nxe5 8. Be2 g6 9. 0-0 Bg7 10. Bf4 0-0 11. Rc1 d5 12. cxd5 Nxd5 13. Nxd5 Qxd5 14. Nf5 Nf3+ 15. Bxf3 Qxf5 16. Be3 Bxb2 17. Rc5 Qf6 18. Bg5 Qb6 19. Be3 Qb4 20. Rc7 Be5 21. Rc1 Bd6 22. Qe2 Bf5 23. Rc4 Qb5 24. Rfc1 Rad8 25. a4 Qe5 26. g3 Ba3 27. Rd1 b6 28. Bd4 Qxe2 29. Bxe2 Bc5 30. Bxc5 Rxd1+ 31. Bxd1 Rc8 0-1

[Event "FICGS W-ch st1 g03 email"]
[Site "FICGS email"]
[Date "2011.04.01"]
[Round "1"]
[White "Riha, Josef"]
[Black "Gerfault, Pascal"]
[Result "1-0"]
[WhiteElo "2027"]
[BlackElo "1545"]
[PlyCount "55"]
[EventDate "2011.??.??"]
[EventType "tourn (corr)"]
[EventRounds "8"]
[SourceTitle "Corr 2013"]
[Source "ChessBase"]
[SourceDate "2012.11.12"]
[SourceVersion "1"]
[SourceVersionDate "2012.11.12"]
[SourceQuality "1"]

1. d4 Nf6 2. Nf3 g6 3. c4 Bg7 4. Nc3 0-0 5. e4 d6 6. Be2 Nbd7 7. Bg5 e5 8. d5 Re8 9. h3 a6 10. g4 Nf8 11. a3 c5 12. Qd2 Qc7 13. Bh6 Rb8 14. Qe3 Qa5 15. Nd2 b5 16. Bxg7 Kxg7 17. cxb5 axb5 18. Bxb5 Rxb5 19. Nc4 Qa6 20. Nxb5 Qxb5 21. Nxd6 Qxb2 22. Nxe8+ Nxe8 23. 0-0 Qd4 24. Rfe1 Nf6 25. Rad1 Qxe3 26. Rxe3 Ba6 27. a4 N8d7 28. Rb1 1-0

[Event "FICGS class D 000162 email"]
[Site "FICGS email"]
[Date "2010.12.29"]
[Round "1"]
[White "Gerfault, Pascal"]
[Black "Lommler, Jan Peter"]
[Result "0-1"]
[WhiteElo "1500"]
[BlackElo "1400"]
[PlyCount "44"]
[EventDate "2010.??.??"]
[EventType "tourn (corr)"]
[EventRounds "5"]
[SourceTitle "Corr 2013"]
[Source "ChessBase"]
[SourceDate "2012.11.12"]
[SourceVersion "1"]
[SourceVersionDate "2012.11.12"]
[SourceQuality "1"]

1. e4 c5 2. Nf3 d6 3. Bb5+ Bd7 4. Bxd7+ Qxd7 5. 0-0 Nc6 6. c3 Nf6 7. Re1 e6 8. d4 cxd4 9. cxd4 d5 10. e5 Ne4 11. a3 Be7 12. Nbd2 Nxd2 13. Bxd2 0-0 14. Rc1 Rfc8 15. Bc3 b5 16. Qd2 a5 17. b4 axb4 18. Bxb4 Nxb4 19. Rxc8+ Qxc8 20. axb4 Qc4 21. Rc1 Bxb4 22. Qb2 Ba3 0-1

[Event "FICGS class D 000162 email"]
[Site "FICGS email"]
[Date "2010.12.29"]
[Round "1"]
[White "Jacobs, Francois"]
[Black "Gerfault, Pascal"]
[Result "1/2-1/2"]
[WhiteElo "1580"]
[BlackElo "1500"]
[PlyCount "75"]
[EventDate "2010.??.??"]
[EventType "tourn (corr)"]
[EventRounds "5"]
[SourceTitle "Corr 2013"]
[Source "ChessBase"]
[SourceDate "2012.11.12"]
[SourceVersion "1"]
[SourceVersionDate "2012.11.12"]
[SourceQuality "1"]

1. e4 c5 2. c3 g6 3. d4 cxd4 4. cxd4 Bg7 5. Nc3 Nc6 6. Nf3 d6 7. Be2 Nf6 8. 0-0 0-0 9. h3 Bd7 10. Be3 Qa5 11. Qd2 Rac8 12. Rac1 e5 13. d5 Nb8 14. a3 a6 15. Qd1 b5 16. b4 Qd8 17. Nd2 Ne8 18. Nb3 f5 19. f3 f4 20. Bf2 Nf6 21. Qe1 Nh5 22. Kh2 Bf6 23. Bd3 Ng3 24. Rg1 h5 25. Ra1 h4 26. a4 bxa4 27. Nxa4 Bb5 28. Qd2 Bxa4 29. Rxa4 Qd7 30. Rga1 Qb7 31. Kg1 Bd8 32. Na5 Qd7 33. Nc4 Bc7 34. Ba7 Kh8 35. Bf2 g5 36. Qd1 Rfd8 37. Bb6 Rf8 38. Bf2 1/2-1/2

[Event "FICGS class C 000154 email"]
[Site "FICGS email"]
[Date "2010.08.14"]
[Round "1"]
[White "Gerfault, Pascal"]
[Black "Lim, Steve"]
[Result "0-1"]
[WhiteElo "1645"]
[BlackElo "1800"]
[PlyCount "52"]
[EventDate "2010.??.??"]
[EventType "tourn (corr)"]
[EventRounds "6"]
[SourceTitle "Corr 2022"]
[Source "ChessBase"]
[SourceDate "2021.10.24"]
[SourceVersion "1"]
[SourceVersionDate "2021.10.24"]
[SourceQuality "1"]

1. e4 e6 2. d4 d5 3. e5 c5 4. c3 Ne7 5. Nf3 cxd4 6. cxd4 Nbc6 7. Nc3 Nf5 8. a3 Bd7 9. Be2 Be7 10. 0-0 0-0 11. b4 Rc8 12. Bb2 f6 13. Rc1 a6 14. Na4 Ncxd4 15. Nxd4 Rxc1 16. Bxc1 Bxa4 17. Qd2 Nxd4 18. Qxd4 fxe5 19. Qxe5 Qd6 20. Bb2 Qxe5 21. Bxe5 Rc8 22. Bd3 Bf6 23. Bxf6 gxf6 24. Ra1 Rc3 25. Bf1 d4 26. f4 d3 0-1

[Event "FICGS rapid C 000087 email"]
[Site "FICGS email"]
[Date "2010.05.16"]
[Round "1"]
[White "Nguyen, Hao Nhien"]
[Black "Gerfault, Pascal"]
[Result "1-0"]
[WhiteElo "1575"]
[BlackElo "1585"]
[PlyCount "63"]
[EventDate "2010.??.??"]
[EventType "tourn (rapid)"]
[EventRounds "6"]
[SourceTitle "Corr 2013"]
[Source "ChessBase"]
[SourceDate "2012.11.12"]
[SourceVersion "1"]
[SourceVersionDate "2012.11.12"]
[SourceQuality "1"]

1. e4 c5 2. f4 e6 3. Nf3 Nc6 4. Be2 d5 5. exd5 exd5 6. 0-0 Nf6 7. Bb5 Be7 8. Ne5 c4 9. Nxc6 bxc6 10. Bxc6+ Bd7 11. Bxa8 Qxa8 12. Re1 Bg4 13. Rxe7+ Kxe7 14. Qe1+ Kd7 15. d3 Re8 16. Qf1 a5 17. Nc3 Qa7+ 18. Kh1 h6 19. Bd2 d4 20. Nb5 Qc5 21. dxc4 Be2 22. Qg1 Bxc4 23. Qxd4+ Qxd4 24. Nxd4 Ne4 25. Bxa5 Nf2+ 26. Kg1 Ng4 27. b3 Bd5 28. c4 Bc6 29. Rd1 Ne3 30. Rd3 Ng4 31. Nf5+ Kc8 32. Nd6+ 1-0

[Event "FICGS class D 000148 email"]
[Site "FICGS email"]
[Date "2010.05.14"]
[Round "1"]
[White "Gerfault, Pascal"]
[Black "Clontz, Adam"]
[Result "0-1"]
[WhiteElo "1585"]
[BlackElo "1567"]
[PlyCount "46"]
[EventDate "2010.??.??"]
[EventType "tourn (corr)"]
[EventRounds "5"]
[SourceTitle "Corr 2013"]
[Source "ChessBase"]
[SourceDate "2012.11.12"]
[SourceVersion "1"]
[SourceVersionDate "2012.11.12"]
[SourceQuality "1"]

1. e4 e5 2. Nf3 Nc6 3. Bc4 Nd4 4. Nxd4 exd4 5. d3 Qh4 6. 0-0 Bd6 7. g3 Qh3 8. Qf3 Nh6 9. Bxh6 Qxh6 10. Qxf7+ Kd8 11. Qf3 Rf8 12. Qe2 c6 13. Nd2 b5 14. Bb3 a5 15. a3 g5 16. Nf3 Bc5 17. Ne5 Kc7 18. Nf3 d6 19. Ne1 Bh3 20. Ng2 Rae8 21. Qd2 Bb6 22. Rfe1 Qh5 23. a4 Qf3 0-1

[Event "FICGS class D 000148 email"]
[Site "FICGS email"]
[Date "2010.05.14"]
[Round "1"]
[White "Nguyen, Hao Nhien"]
[Black "Gerfault, Pascal"]
[Result "1-0"]
[WhiteElo "1575"]
[BlackElo "1585"]
[PlyCount "47"]
[EventDate "2010.??.??"]
[EventType "tourn (corr)"]
[EventRounds "5"]
[SourceTitle "Corr 2013"]
[Source "ChessBase"]
[SourceDate "2012.11.12"]
[SourceVersion "1"]
[SourceVersionDate "2012.11.12"]
[SourceQuality "1"]

1. e4 c5 2. f4 d5 3. exd5 Qxd5 4. Nc3 Qd8 5. Nf3 Nf6 6. Bb5+ Bd7 7. 0-0 e6 8. f5 exf5 9. Re1+ Be7 10. Qe2 Nc6 11. d3 a6 12. Bxc6 Bxc6 13. Bg5 b5 14. Nh4 Bd7 15. Bxf6 gxf6 16. Nd5 Be6 17. Nxe7 Qxe7 18. Nxf5 Qf8 19. Qf3 Rc8 20. Qb7 Kd8 21. Qxa6 Rb8 22. Qa7 Kc8 23. Ne7+ Kd8 24. Nc6+ 1-0

[Event "FICGS class C 000140 email"]
[Site "FICGS email"]
[Date "2010.03.13"]
[Round "1"]
[White "Romanazzi, Dante Horacio"]
[Black "Gerfault, Pascal"]
[Result "0-1"]
[WhiteElo "1672"]
[BlackElo "1640"]
[PlyCount "46"]
[EventDate "2010.??.??"]
[EventType "tourn (corr)"]
[EventRounds "6"]
[SourceTitle "Corr 2013"]
[Source "ChessBase"]
[SourceDate "2012.11.12"]
[SourceVersion "1"]
[SourceVersionDate "2012.11.12"]
[SourceQuality "1"]

1. d4 Nf6 2. Nc3 g6 3. e3 d5 4. Bd3 Bg7 5. Nge2 0-0 6. 0-0 Nc6 7. Ng3 e5 8. a3 exd4 9. exd4 Ng4 10. Be2 Qh4 11. Bxg4 Bxg4 12. h3 Bxd1 13. Rxd1 Nxd4 14. Rd2 c6 15. Rb1 Rfe8 16. Nd1 Re1+ 17. Kh2 Be5 18. Ne3 f5 19. c3 Nb3 20. Rc2 f4 21. Nef1 fxg3+ 22. Nxg3 Qe4 23. a4 Qxc2 0-1

[Event "FICGS class C 000134 email"]
[Site "FICGS email"]
[Date "2010.01.14"]
[Round "1"]
[White "Gerfault, Pascal"]
[Black "Solino Nebot, Leonardo"]
[Result "0-1"]
[WhiteElo "1685"]
[BlackElo "1723"]
[PlyCount "76"]
[EventDate "2010.??.??"]
[EventType "tourn (corr)"]
[EventRounds "6"]
[SourceTitle "Corr 2013"]
[Source "ChessBase"]
[SourceDate "2012.11.12"]
[SourceVersion "1"]
[SourceVersionDate "2012.11.12"]
[SourceQuality "1"]

1. e4 c5 2. Nf3 g6 3. Bc4 Bg7 4. 0-0 Nc6 5. c3 e6 6. d4 cxd4 7. cxd4 d5 8. exd5 exd5 9. Re1+ Nge7 10. Bb5 0-0 11. h3 Qb6 12. Nc3 Be6 13. Be3 Rac8 14. Bxc6 Nxc6 15. Qd2 Rfe8 16. Rac1 a6 17. Na4 Qb4 18. Nc3 Na5 19. b3 Nc6 20. Ne2 Qxd2 21. Bxd2 Bf5 22. Be3 Nb4 23. Rxc8 Rxc8 24. a3 Nc2 25. Rc1 Nxa3 26. Rxc8+ Bxc8 27. Nc3 Be6 28. Ne1 b5 29. Nd3 Nc2 30. Ne2 Kf8 31. Nc5 a5 32. g4 Ke8 33. Kg2 Bd7 34. Kg3 a4 35. bxa4 bxa4 36. Nc3 a3 37. Nxd5 a2 38. Nb3 Ba4 0-1

[Event "FICGS class C 000134 email"]
[Site "FICGS email"]
[Date "2010.01.14"]
[Round "1"]
[White "Oberg, Lennart"]
[Black "Gerfault, Pascal"]
[Result "1-0"]
[WhiteElo "1669"]
[BlackElo "1685"]
[PlyCount "33"]
[EventDate "2010.??.??"]
[EventType "tourn (corr)"]
[EventRounds "6"]
[SourceTitle "Corr 2013"]
[Source "ChessBase"]
[SourceDate "2012.11.12"]
[SourceVersion "1"]
[SourceVersionDate "2012.11.12"]
[SourceQuality "1"]

1. c4 f5 2. Nc3 Nf6 3. Nf3 e6 4. g3 Be7 5. Bg2 0-0 6. 0-0 c6 7. d4 d5 8. Qd3 Ne4 9. Bf4 Nd7 10. Rac1 Ndf6 11. h3 Nxc3 12. Rxc3 Ne4 13. Rcc1 Bd6 14. Be5 Qe7 15. Qe3 Bd7 16. Bxd6 Qxd6 17. Ne5 1-0

[Event "Angers op 2nd"]
[Site "Angers"]
[Date "2007.04.15"]
[Round "6.35"]
[White "Gerfault, Pascal"]
[Black "Breheret, Francois"]
[Result "1/2-1/2"]
[WhiteElo "1720"]
[BlackElo "1499"]
[PlyCount "50"]
[EventDate "2007.04.13"]
[EventType "swiss"]
[EventRounds "6"]
[EventCountry "FRA"]
[SourceTitle "CBM 117 Extra"]
[Source "ChessBase"]
[SourceDate "2007.05.09"]
[SourceVersion "1"]
[SourceVersionDate "2007.05.09"]
[SourceQuality "1"]

1. e4 c5 2. Nf3 Nc6 3. d4 cxd4 4. Nxd4 e6 5. c4 a6 6. Nc3 Qc7 7. Be2 Bc5 8. Be3 e5 9. Nxc6 Bxe3 10. fxe3 dxc6 11. Qd2 Be6 12. 0-0-0 Nf6 13. Qd6 Qxd6 14. Rxd6 Rd8 15. Rhd1 Rxd6 16. Rxd6 Ke7 17. c5 Rd8 18. Rxd8 Kxd8 19. b4 Bg4 20. Bf3 Bxf3 21. gxf3 h5 22. Kd2 Kd7 23. Ne2 Ke6 24. Ng3 g6 25. h4 Ke7 1/2-1/2

[Event "Angers op 2nd"]
[Site "Angers"]
[Date "2007.04.13"]
[Round "1.28"]
[White "Gerfault, Pascal"]
[Black "Loubieres, Francois"]
[Result "0-1"]
[WhiteElo "1720"]
[BlackElo "1499"]
[PlyCount "64"]
[EventDate "2007.04.13"]
[EventType "swiss"]
[EventRounds "6"]
[EventCountry "FRA"]
[SourceTitle "CBM 117 Extra"]
[Source "ChessBase"]
[SourceDate "2007.05.09"]
[SourceVersion "1"]
[SourceVersionDate "2007.05.09"]
[SourceQuality "1"]

1. e4 e5 2. Nf3 Nf6 3. Nxe5 d6 4. Nf3 Nxe4 5. d4 d5 6. Bd3 Bd6 7. 0-0 Bg4 8. h3 Bf5 9. c4 c6 10. cxd5 cxd5 11. Nc3 Nxc3 12. bxc3 Bxd3 13. Qxd3 0-0 14. Re1 Nd7 15. Bg5 f6 16. Bd2 Rc8 17. Qb5 Nb6 18. Re6 Rc6 19. Rae1 Qd7 20. Nh4 Nc4 21. Bc1 a6 22. Qb1 Bh2+ 23. Kxh2 Rxe6 24. Rxe6 Qxe6 25. Qxb7 Qd6+ 26. g3 Rb8 27. Qa7 Rd8 28. Bf4 Qd7 29. Qxd7 Rxd7 30. Nf5 Kf7 31. Kg2 g6 32. Ne3 Nxe3+ 0-1